| 000 | 00480nam a2200169Ia 4500 | ||
|---|---|---|---|
| 003 | IIN | ||
| 005 | 20250519122927.0 | ||
| 008 | 231217s2020 xx ad 000 0 eng d | ||
| 040 |
_aIIN _bEnglish |
||
| 082 |
_a610.7343 _bMAN |
||
| 100 | 1 | _aManivannan, Shyamala D. | |
| 245 | 1 |
_aProcedure Manual Community Health Nursing for B.Sc Nursing/ _cShyamala D. Manivannan |
|
| 260 |
_bCBS _aNew Delhi _c2022 |
||
| 300 |
_a67 p. _bill. |
||
| 650 | 1 | _aCommunity Health Nursing | |
| 942 | _cBOOK | ||
| 999 |
_c1050 _d1050 |
||